|
|
|
|
| LEADER |
00000nab a2200000 a 4500 |
| 001 |
vtls011132001 |
| 003 |
SK-MaSNL |
| 005 |
20260303150919.0 |
| 008 |
230222|1969 xo |||||||||||||||||slo| |
| 015 |
|
|
|a SNBRB
|
| 035 |
|
|
|a (uuid)63fc2120-b94d-4434-92ba-882cc3f054f8
|
| 035 |
|
|
|a (urnnbn)urn:nbn:sk:snk:ar-a09m1p
|
| 035 |
|
|
|a urn:nbn:sk:snk-aba9qw
|
| 040 |
|
|
|a SNKBUCL
|b slo
|c SNKBUCL
|e AACR2
|
| 041 |
0 |
|
|a slo
|
| 044 |
|
|
|a xo
|c SK
|
| 100 |
1 |
|
|a Jankech, D.
|4 aut
|9 1170028
|
| 245 |
1 |
0 |
|a Ultrazvuk v povrchových úpravách
|c D. Jankech
|
| 773 |
0 |
|
|t Trend VUMA : vedeckotechnický časopis : časopis pre odbory : montáž v strojárstve - elektrické metódy obrábania - ultrazvuk
|g Roč. 1, č. 3 (1969), s. 33-37
|
| 954 |
|
|
|a odborná, vedecká literatúra pôvodná (slovenská)
|2 lita
|
| 958 |
|
|
|a OND
|
| 958 |
|
|
|a EUIPO
|
| 958 |
|
|
|a article13
|
| 999 |
|
|
|c 2014499
|d 2016429
|